Statistiques concernant Personnalités francophones en A

Cliquez ici pour prendre le quiz!

Statistiques générales

  • Ce quiz a été pris 15 716 fois
  • Le résultat moyen est 8 sur 16

Statistiques - réponses

Réponse% Correct
Angèle
97%
Nikos Aliagas
89%
Charles Aznavour
87%
Amixem
81%
Eric Antoine
79%
Thierry Ardisson
72%
Alexandre Astier
46%
Martine Aubry
44%
Jean-Louis Aubert
43%
Mouloud Achour
38%
Isabelle Adjani
36%
Daniel Auteuil
35%
Juliette Armanet
32%
Anémone
23%
Fanny Ardant
18%
Jacques Audiard
9%

Distribution des résultats

Percentile par nombre de réponses

% des personnes avec chaque résultat

Votre développement - résultats

Vous n’avez pas pris ce quiz